| 000 | 01680cam a22004217a 4500 | ||
|---|---|---|---|
| 003 | CHAP | ||
| 005 | 20220329143020.0 | ||
| 008 | 050817d2004 mx abd r 00110 spa d | ||
| 010 | _a90693 | ||
| 011 | _a91665 | ||
| 020 | _a9688005746 | ||
| 035 | _a102226 | ||
| 040 | _cCHAP | ||
| 090 | _aFolleto 17003 | ||
| 100 | 0 | 0 |
_aVillanueva Díaz, José. _9119491 |
| 245 | 1 | 0 |
_aElementos básicos de la dendrocronología y sus aplicaciones en México _c/por José Villanueva Díaz [y otros] |
| 260 |
_aGómez Palacio, Dgo. : _bINIFAP. Centro Nacional de Investigación Disciplinaria en Relación Agua-Suelo-Planta-Atmósfera, _c2004 |
||
| 300 |
_a37 p. : _bilus. ; gráfs. ; mapas ; cuadros |
||
| 410 | 2 | 1 | _aINIFAP. Centro Nacional de Investigación Disciplinaria en Relación Agua-Suelo-Planta-Atmósfera |
| 490 | 0 |
_aFolleto técnico _vNo. 2 |
|
| 590 |
_aBATCH-UPD _b10 _c20130110 _lUCH01 _h0451 |
||
| 590 |
_aBATCH-UPD _b10 _c20130110 _lUCH01 _h2322 |
||
| 590 |
_aBATCH-UPD _b10 _c20130410 _lUCH01 _h0128 |
||
| 590 |
_aBATCH-UPD _b10 _c20130410 _lUCH01 _h1612 |
||
| 590 |
_aBATCH-UPD _b10 _c20130914 _lUCH01 _h1424 |
||
| 590 |
_aCONVERSION _b10 _c20130109 _lUCH01 _h1350 |
||
| 650 | 1 | 4 |
_aÁrboles _xCrecimiento. _96583 |
| 650 | 1 | 4 |
_aÁrboles _xEdad. _96593 |
| 650 | 1 | 4 |
_aÁrboles _xMexico. _96625 |
| 810 | 0 | 0 |
_aINIFAP. Centro Nacional de Investigación Disciplinaria en Relación Agua-Suelo-Planta-Atmósfera _958710 |
| 830 | 0 |
_aFolleto técnico _vNo. 2 _942067 |
|
| 901 | _aBK | ||
| 905 | _aMarco A. Mendoza T. | ||
| 911 | _aCustodia | ||
| 942 | _cFOLL | ||
| 949 |
_aFolleto 17003 _bBC _cFOLL _d1022261 _eTS1 _i102226 _sb |
||
| 949 |
_aFolleto 17003 _bBC _cFOLL _d1022262 _eTS2 _fc.2 _i102226 _sb |
||
| 999 |
_c90693 _d90693 |
||